01467 2200421 4500001002100000005001500021035002000036007000300056008004100059020002200100082001800122084002000140100002400160245020700184250003200391300005900423700003000482700002500512700002300537700003000560700003000590700002500620700003100645700003000676700002900706700002800735504002500763264003800788336002100826337003000847338002300877040002200900090002200922650004500944850001200989999002201001990002201023INLIS00000000087805720230418083139 a0010-0423000357ta230418t2022 yoia g | ind d a978-623-466-225-204223a499.22107 a499.22107 NUR s0 aNurlelahePengarang10aStrategi pembelajaran bahasa Indonesia /cNurlelah, Desi Wulandari, Muktiarni, Rokhani, Yeni Rahmawati, Rahmat Hidayat, Lesnawati, Muhammad Guntur, Maraatussoliha, Sopan Hidayat; penyunting, Abdul Gafur aCetakan pertama, Maret 2022 aviii, 155 halaman :bilustrasi, grafik, bagan ;c23 cm0 aDesi WulandariePengarang0 aMuktiarniePengarang0 aRokhaniePengarang0 aYeni RahmawatiePengarang0 aRahmat HidayatePengarang0 aLesnawatiePengarang0 aMuhammad GunturePengarang0 aMaraatussolihaePengarang0 aSopan HidayatePengarang0 aAbdul GafurePenyunting aTermasuk Bibliografi31aSleman :bZahir Publishing,c2022 2rdacontentateks 2rdamediaatanpa perantara 2rdacarrieravolume aYOPDYOGbinderda aCB-D.11 2022-3144 4aBahasa Indonesia--xStudi dan pengajaran aYOPDYOG aCB-D.11/2022-3144 aCB-D.11/2022-3144